Veľký slovensko-ruský slovník

Na minha lista:
Detalhes bibliográficos
Formato: Livro
Idioma:eslovaco
russo
Publicado em: Bratislava Veda 1990
Edição:1. vyd.
Assuntos:
Tags: Adicionar Tag
Sem tags, seja o primeiro a adicionar uma tag!

MARC

LEADER 00000nam a2200000 4500
001 c001260
005 20221215071818.4
020 |a 80-224-0079-3 
041 0 |a slo 
041 0 |a rus 
044 |a SK 
245 1 0 |a Veľký slovensko-ruský slovník 
250 |a 1. vyd. 
264 1 |a Bratislava  |b Veda  |c 1990 
300 |a 756 s. 
610 2 0 |a jazykoveda 
610 2 0 |a ruština 
610 2 0 |a slovenčina